000 00871nab a2200253 u 4500
001 11171
003 HDC
007 cr bn ---aaaaa
008 210206c20141127 |r|noo 0 a eng d
040 _aHDC
100 _aShakira Hussein
_eauthor
_911413
245 4 _aThe Inglorious Charge of the Anti-Halal Brigade / by
_cShakira Hussein
260 _a[no place] :
_b[publisher not identified],
_c2014
336 _atext
_2rdacontent
337 _acomputer
_2rdamedia
338 _aonline resource
_2rdacarrier
650 _aagainst halal certification
_911415
650 _aAnti-Halal Brigade
_911414
710 _aABC [Newcastle]
856 _zRequest full-text at [email protected]
942 _2lcc
942 _cNEWS
942 _kNWSO 001269
999 _c8494
_d8494